Statistiques concernant Les pays contenant F - une minute sprint

Cliquez ici pour prendre le quiz!

Statistiques générales

  • Ce quiz a été pris 146 fois
  • Le résultat moyen est 5 sur 7

Statistiques - réponses

pays% Correct
France
97%
Finlande
96%
Fidji
81%
Afghanistan
69%
Afrique du Sud
64%
Burkina Faso
32%
République
Centrafricaine
32%

Distribution des résultats

Percentile par nombre de réponses

% des personnes avec chaque résultat

Votre développement - résultats

Vous n’avez pas pris ce quiz